000 01407cam a2200349Ia 4500
020 _a0439358078 (pbk.)
020 _a9780439358071 (pbk.)
020 _a9780756941635 (lib. bind.)
020 _a0756941636 (lib. bind.)
020 _a143952002X (PawPrnt)
020 _a9781439520024 (PawPrnt)
040 _cNPL
082 0 4 _a823 SCH 2004 A094 Or.
100 1 _aRowling, J. K.
245 1 0 _aHarry Potter [Volume 5]: Harry Potter and the Order of the Phoenix /
246 3 0 _aOrder of the Phoenix
260 _aNew York :
_bScholastic, Inc.,
_c2004, c2003.
300 _axv, 870 p. :
_bill. ;
_c20 cm.
490 1 _aRowling ;
500 _aSequel to: Harry Potter and the goblet of fire.
500 _a"Year 5"--Spine.
520 _aWhen the government of the magic world and authorities at Hogwarts School of Witchcraft and Wizardry refuse to believe in the growing threat of a freshly revived Lord Voldemort, fifteen-year-old Harry Potter finds support from his loyal friends in facing the evil wizard and other new terrors.
650 0 _aPotter, Harry (Fictitious character)
650 0 _aGranger, Hermione (Fictitious character)
650 0 _aWeasley, Ron (Fictitious character)
650 0 _aWizards
650 0 _aMagic
650 0 _aSchools
650 0 _aHogwarts School of Witchcraft and Wizardry (Imaginary organization)
700 1 _aGrandPr©♭, Mary.
942 _cEK
999 _c12814
_d12814